Retorika sa kolehiyo : (Record no. 354728)
[ view plain ]
| 000 -LEADER | |
|---|---|
| fixed length control field | 00319nam a2200109Ia 4500 |
| 008 - FIXED-LENGTH DATA ELEMENTS--GENERAL INFORMATION | |
| fixed length control field | 180205s9999 xx 000 0 und d |
| 020 ## - INTERNATIONAL STANDARD BOOK NUMBER | |
| International Standard Book Number | 9717250685 |
| 100 ## - MAIN ENTRY--PERSONAL NAME | |
| Personal name | Tumangan, Alcomtiser Sr, P. |
| 245 ## - TITLE STATEMENT | |
| Title | Retorika sa kolehiyo : |
| Remainder of title | (Filipino 3) |
| 260 ## - PUBLICATION, DISTRIBUTION, ETC. (IMPRINT) | |
| Place of publication, distribution, etc | Pateros City |
| Name of publisher, distributor, etc | Grand books publishing |
| Date of publication, distribution, etc | 2012 |
| 300 ## - PHYSICAL DESCRIPTION | |
| Extent | 287 pages |
| Withdrawn status | Lost status | Source of classification or shelving scheme | Damaged status | Home library | Current library | Shelving location | Date acquired | Source of acquisition | Sub Shelving location | Total Checkouts | Total Renewals | Full call number | Barcode | Date last seen | Date checked out | Price effective from | Koha item type |
|---|---|---|---|---|---|---|---|---|---|---|---|---|---|---|---|---|---|
| Library of Congress Classification | College Library | College Library | Filipiniana Section | 06/11/2019 | Donation | 1 | 2 | PL 6059 .T925 2012 | C21817 | 04/24/2023 | 10/28/2022 | 06/11/2019 | Books |